Organization: Contemporary Principles and Practice (Record no. 5873)

MARC details
005 - DATE AND TIME OF LATEST TRANSACTION
control field 20250628081244.0
020 ## - INTERNATIONAL STANDARD BOOK NUMBER
International Standard Book Number 1-4051-1658-7
082 ## - DEWEY DECIMAL CLASSIFICATION NUMBER
Classification number 302.3 CHI
100 ## - MAIN ENTRY--PERSONAL NAME
Author name CHILD, J
245 ## - TITLE STATEMENT
Title Organization: Contemporary Principles and Practice
260 ## - PUBLICATION, DISTRIBUTION, ETC.
Place of publication, distribution, etc. Oxford
Name of publisher, distributor, etc. Blackwell Publishing
Date of publication, distribution, etc. 2005.
300 ## - PHYSICAL DESCRIPTION
Extent xi, 424p.: ill.; figures
Other physical details Index
Dimensions 27cm
942 ## - ADDED ENTRY ELEMENTS (KOHA)
Source of classification or shelving scheme Dewey Decimal Classification
Koha item type Books
Holdings
Date last seen Total checkouts Full call number Barcode Cost, replacement price Price effective from Koha item type Lost status Source of classification or shelving scheme Damaged status Not for loan Withdrawn status Home library Current library Shelving location Date acquired Source of acquisition Cost, normal purchase price
06/28/2025   301.3 CHI MZA0002879 150000.00 06/28/2025 Books   Dewey Decimal Classification       CBE Mwanza CBE Mwanza General Collection 06/14/2016 Library budget 50000.00